Statistics for Countries with the longest names

Click here to take the quiz!

General Stats

  • This quiz has been taken 90 times
    (39 since last reset)
  • The average score is 8 of 15

Answer Stats

LettersCountry% Correct
21United States of America
83%
28Saint Vincent and the Grenadines
71%
17Antigua and Barbuda
63%
18United Arab Emirates
60%
22Central African Republic
54%
27Federated States of Micronesia
51%
17Dominican Republic
49%
17Trinidad and tobago
49%
18São Tomé and Príncipe
46%
15Marshall Islands
46%
18Saint Kitts and Nevis
43%
28Democratic Republic of the Congo
40%
20Bosnia and Herzegovina
37%
16Equatorial Guinea
37%
18Republic of the congo
31%

Score Distribution

Percentile by Number Answered

Percent of People with Each Score

Your Score History

You have not taken this quiz since the last reset